That's When (TV) - Taylor Swift (All Lyrics) - Statistics

General Stats
  • This quiz has been taken 120 times
    52 since last reset
  • The average score is 263 of 318
Answer Stats
Lyrics % Correct
"I
95%
I
95%
said,
95%
said
95%
To
95%
to
95%
When
95%
"When
95%
when
95%
when,
95%
when"
95%
when)
95%
(When
95%
You
95%
you
95%
you,
95%
And
91%
and,
91%
and
91%
of
91%
"That's
91%
That's
91%
that's
91%
(That's
91%
it
86%
know"
86%
the
86%
all
82%
I'll
82%
I'm
82%
in
82%
in,
82%
it's
82%
me
82%
me?"
82%
morning
82%
morning)
82%
need
82%
some
82%
Then
82%
think
82%
this"
82%
this)
82%
time,
82%
up
82%
wake
82%
Yeah
82%
about
77%
baby,
77%
be
77%
go
77%
let
77%
love
77%
or
77%
see
77%
space
77%
was
77%
were
77%
your
77%
back
73%
back?"
73%
cryin'
73%
did
73%
Did
73%
face
73%
face)
73%
stormin'
73%
stormin')
73%
sunny
73%
at
68%
can
68%
come
68%
ever
68%
Laughin',
68%
laughin'
68%
my
68%
saw
68%
front
64%
hear
64%
through
64%
(Through
64%
waitin'
64%
want
64%
wrong,
64%
gate
59%
gate)
59%
made
59%
those
59%
watched
59%
knew
55%
miss
55%
mistakes
55%
our
55%
put
55%
gone
50%
hard
50%
past"
50%
take
50%
words
50%
harder
45%
"Leave
45%
Came
41%
"Honestly
41%
phone
41%
tears
41%
Mmm,
36%
mmm
36%
No matching quizzes found
Score Distribution
Percent of People with Each Score
Percentile by Number Answered
Your Score History
You have not taken this quiz since the last reset